| 000 | 00958nam a2200277Ia 4500 | ||
|---|---|---|---|
| 001 | Z_512 | ||
| 003 | CHAP | ||
| 008 | 220113s1985 xx 000 0 und d | ||
| 010 | _a163489 | ||
| 040 | _cCHAP | ||
| 090 | _aTesis M 315 | ||
| 100 |
_aMariscal Aguayo, Dolores Valentina _971413 |
||
| 245 |
_aEfecto del nivel de alimentación sobre la eficiencia de detección de toretes y vacas / _cpor Dolores Valentina Mariscal Aguayo y Octavio Martínez Huerta |
||
| 260 |
_aChapingo, Méx. : _bEl autor, _c1985 |
||
| 300 | _a79 h. | ||
| 502 | _aTesis (Ing. Agrónomo Esp. en Zootecnia) -- UACH. Departamento de Zootecnia | ||
| 650 |
_aGanado vacuno _xAlimentación _945429 |
||
| 650 |
_aGanado vacuno _xFecundidad I. UACH. Departamento de Zootecnia II. Martínez Huerta, Octavio III. t. _9137668 |
||
| 700 |
_aMartínez Huerta, Octavio _972176 |
||
| 901 | _aTESIS M 315 | ||
| 902 | _aM | ||
| 910 | _a1985 | ||
| 942 | _c2 | ||
| 942 | _c2 | ||
| 999 |
_c163489 _d163489 |
||